| Поле | Инд. | ПП | Название | Значение |
|---|---|---|---|---|
| Тип записи | a | |||
| Библиографический уровень | b | |||
| 001 | Контрольный номер | RU/IS/BASE/307116080 | ||
| 005 | Дата корректировки | 20220715140352.7 | ||
| 008 | Кодируемые данные | 20090924 | ||
| 040 | b | Код языка каталог. | rus | |
| e | Правила каталог. | PSBO | ||
| 041 | 0_ | a | Код языка текста | rus |
| 084 | a | Индекс другой классификации/Индекс ББК | 83.3(2=411.2)5; 63.1(4Фра)5 | |
| 100 | 1_ | a | Автор | Осьминина Е. А. |
| 245 | 10 | a | Заглавие | Г. Масперо и Дм. Мережковский: французский ученый и русский писатель |
| 504 | a | Библиография | Библиогр. ссылки. - Примеч. | |
| 520 | 0_ | a | Аннотация | Задача статьи - вписать Г. Масперо в русскую литературу: показать его влияние на человека иной национальности и иной профессии |
| 600 | 14 | a | Персоналии | Мережковский Дмитрий Сергеевич |
| a | Персоналии | Масперо Гастон Камил Чарльз | ||
| 650 | 14 | a | Основная рубрика | историография (история исторической науки) |
| a | Основная рубрика | исторические науки | ||
| a | Основная рубрика | история литературы | ||
| a | Основная рубрика | литературоведение | ||
| a | Основная рубрика | филологические науки | ||
| 653 | 1_ | a | Ключевые слова | "Рим" |
| a | Ключевые слова | XIX век | ||
| a | Ключевые слова | XX век | ||
| a | Ключевые слова | Древний Египет | ||
| a | Ключевые слова | египтология | ||
| a | Ключевые слова | Россия | ||
| a | Ключевые слова | Франция | ||
| 773 | 08 | t | Заглавие источника | Вестник Московского университета. Серия 9, Филология |
| d | Дата издания источника | 2009 | ||
| g | Прочая информация | № 1. - С. 93 - 106 | ||
| w | Контрольный № источника | RU/IS/BASE/299591630 | ||
| 901 | t | Тип документа | b |